00769nam a2200241Ia 4500003000900000005001700009008004100026040001300067040001300080041000800093100002600101100001400127245005800141250001500199260000900214300001100223300001200234490000600246600004800252942001200300999001700312952019800329IT-RoPAU20220918175742.0120407s9999 xx 000 0 und d aIT-RoPAU cIT-RoPAU afra aLèon Bouvier935692 cs.j.9337 aLe précepte de l’aumone chez S. Thomas d’Aquin aMontréal c1935 a199 p. c23,5 cm v1 a"1. Elemosina 2. Thomas Aquinas, s."935693 cBK2ddc c28295d28295 00102ddc406241_200000000000000_471aPAULUSbPAULUSd2012-04-11l0o241.2.4r2012-04-11 00:00:00w2012-04-11yBKzInserito da: Jole In data: 22 luglio 2011 fondo: Via A.Severo 56 Progr:23670